Départements de Bourgogne-Franche-Comté (Click) - Statistiques

Statistiques générales
  • Ce quiz a été pris 740 fois
  • Le résultat moyen est 6 sur 8
Statistiques - réponses
Hint Réponse % Correct

Territoire de Belfort
88%

Jura
78%

Côte-d'Or
75%

Doubs
68%

Nièvre
63%

Saône-et-Loire
63%

Yonne
62%

Haute-Saône
56%
Aucun quiz correspondant
Distribution des résultats
% des personnes avec chaque résultat
Percentile par nombre de réponses
Votre historique - résultats
Vous n’avez pas pris ce quiz